Pakistan's Political Culture: Essays in Historical and Social Origins (Record no. 62742)

000 -LEADER
fixed length control field 00508nam a22001817a 4500
003 - CONTROL NUMBER IDENTIFIER
control field NUST - PNEC
005 - DATE AND TIME OF LATEST TRANSACTION
control field 20170116180756.0
008 - FIXED-LENGTH DATA ELEMENTS--GENERAL INFORMATION
fixed length control field 150403b xxu||||| |||| 00| 0 eng d
020 ## - INTERNATIONAL STANDARD BOOK NUMBER
International Standard Book Number 9694023548
040 ## - CATALOGING SOURCE
Transcribing agency Library
082 ## - DEWEY DECIMAL CLASSIFICATION NUMBER
Classification number 306.20 AZI
100 ## - MAIN ENTRY--PERSONAL NAME
9 (RLIN) 2080
Personal name Aziz k.k
245 ## - TITLE STATEMENT
Title Pakistan's Political Culture: Essays in Historical and Social Origins
Statement of responsibility, etc. K. K. Aziz
260 ## - PUBLICATION, DISTRIBUTION, ETC.
Place of publication, distribution, etc. Islamabad
Name of publisher, distributor, etc. Vanguard
Date of publication, distribution, etc. c2001.
300 ## - PHYSICAL DESCRIPTION
Extent 460p. :
650 ## - SUBJECT ADDED ENTRY--TOPICAL TERM
9 (RLIN) 2081
Topical term or geographic name entry element Political science
General subdivision General
942 ## - ADDED ENTRY ELEMENTS (KOHA)
Source of classification or shelving scheme
Koha item type Book
Holdings
Withdrawn status Lost status Source of classification or shelving scheme Damaged status Not for loan Permanent Location Current Location Shelving location Date acquired Source of acquisition Cost, normal purchase price Total Checkouts Full call number Barcode Date last seen Cost, replacement price Price effective from Koha item type
          Pakistan Navy Engineering College (PNEC) Pakistan Navy Engineering College (PNEC)   03/08/2001 Vangaurd Books 695.00   306.20 AZI PNECLIB-025656 04/03/2015 695.00 03/08/2001 Book
© 2023 Central Library, National University of Sciences and Technology. All Rights Reserved.